| 000 | 00884nam a2200253 c 4500 | ||
|---|---|---|---|
| 001 | a5233916 | ||
| 003 | CO-ViMGA | ||
| 005 | 20230915224412.0 | ||
| 008 | 120710s2011 sp a | |||| 000 1 spa | ||
| 020 | _a9788498859218 | ||
| 040 |
_aCO-ViMGA _bspa _cCO-ViMGA |
||
| 041 | 1 | _heng | |
| 082 |
_a741.5 _bB26c |
||
| 100 | 1 |
_aBendis, Brian Michael _d1967- _98883 |
|
| 245 | 1 | 0 |
_aConfianza / _cBrian Michael Bendis [guión] ; Leinil Francis Yu [dibujo ; traducción, Gonzalo Quesada] |
| 260 |
_aTorroella de Montgrí, Girona _bPanini España ; _aBarcelona _bdistribución, Sd Distribucin̤ _cD.L. 2011 |
||
| 300 |
_a[270] p. _bprincipalmente il. col. _c27 cm. |
||
| 490 | 0 |
_aLos nuevos Vengadores _v7 |
|
| 490 | 0 | _aMarvel deluxe | |
| 650 | 1 | 4 |
_a Tiras comica, historietas, etc. _98958 |
| 650 | 1 | 4 |
_acomics _9284 |
| 700 | 1 |
_aYu, Leinil Francis _d1977- _edibujante _98966 |
|
| 942 |
_2ddc _cBK |
||
| 999 |
_c11756 _d11756 |
||